Films dont le titre commence par un O (2) - Statistiques

Statistiques générales
  • Ce quiz a été pris 4 fois
  • Le résultat moyen est 6 sur 30
Statistiques - réponses
Année Réalisateur Genre 1 acteur ou
1 actrice
Titre % Correct
2019 Q. Tarantino Comédie Léonardo Di Caprio Once upon a time in Hollywood
75%
2008 M. Hazanavicius Comédie Jean Dujardin OSS 117 Rio ne répond plus
75%
2001 S. Soderbergh Comédie Matt Damon Ocean's eleven
50%
2007 S. Soderbergh Policier George Clooney Ocean's thirteen
50%
2004 S. Soderbergh Comédie Brad Pitt Ocean's twelve
50%
1997 A. Resnais Comédie Agnès Jaoui On connait la chanson
50%
2021 N. Bedos Comédie Jean Dujardin OSS 117 Alerte rouge en Afrique noire
50%
2013 S. Lee Thriller Josh Brolin Oldboy
25%
2005 R. Polanski Aventures Barney Clark Oliver Twist
25%
2010 R. Zem Drame Sami Bouajila Omar m'a tuer
25%
2011 Ch. Clavier Comédie Jean Reno On ne choisit pas sa famille
25%
2005 J. Wright Comédie Emma Thompson Orgueil et Préjugés
25%
1985 S. Pollack Drame Meryl Streep Out of Africa
25%
1989 B. De Palma Guerre Michael J. Fox Outrages
25%
2018 G. Ross Comédie Sandra Bullock Ocean's 8
0%
2006 E-E-Schmitt Comédie Bruno Metzer Odette Toulemonde
0%
1991 W. Allen Comédie dramatique Mia Farrow Ombres et Brouillard
0%
2013 P. Tantot Comédie Karin Viard On a failli être amies
0%
2020 Ch. Petzold Drame Paula Beer Ondine
0%
1985 J. Deray Policier Michel Serrault On ne meurt que deux fois
0%
2014 Ph. Guillard Comédie Charles Berling On voulait tout casser
0%
1991 J. Chan Aventures Jackie Chan Opération Condor
0%
2015 F. Camoin Comédie dramatique Marina Fois Orage
0%
2006 M. Hazanavicius Comédie Jean Dujardin OSS 117 Le Caire ni d'espion
0%
2018 J. Padilha Thriller Rosamund Pike Otages à Entebbe
0%
2017 C. Tardieu Comédie dramatique François Damiens Otez moi d'un doute
0%
1994 N. Lvovsky Comédie Valeria Bruni Tedeschi Oublie moi
0%
1989 F. Rosi Drame James Belushi Oublier Palerme
0%
2008 H. McCain Science-fiction Jim Caviezel Outlander le dernier viking
0%
1984 C. Schenkel Drame Gotz George Out of order
0%
Aucun quiz correspondant
Distribution des résultats
% des personnes avec chaque résultat
Percentile par nombre de réponses
Votre historique - résultats
Vous n’avez pas pris ce quiz